000 00718nam a2200289Ia 4500
005 20260324115923.0
008 008 260324s9999 xx 000 0 eng d
020 _a9781315369914
037 _aEBOOK
040 _aCRL
040 _beng
040 _cCRL
041 _2eng
041 _aeng
084 _qCRL
100 _aKathryn Artingstall
_91156516
245 0 _aMunchausen by Proxy and Other Factitious Abuse
245 0 _bPractical and Forensic Investigative Techniques
260 _bTaylor and Francis
260 _c2016
365 _a
365 _b230
856 _uhttp://www.taylorfrancis.com/books/9781315369914
942 _cEBOOK
999 _c1747757
_d1747757